[Event "OP-2012-0-02151"]
[Site "LSS email"]
[Date "2012.04.14"]
[Round "?"]
[White "Zinoviev, Dima"]
[Black "Lewis, Jerome A"]
[Result "0-1"]
[WhiteElo "800"]
[BlackElo "1013"]
[PlyCount "52"]
[EventDate "2012.04.12"]
[EventType "tourn (corr)"]
[EventRounds "4"]
[EventCountry "GER"]
[SourceTitle "Telechess CBM 153"]
[Source "ChessBase"]
[SourceDate "2013.03.14"]
[SourceVersion "1"]
[SourceVersionDate "2013.03.14"]
[SourceQuality "1"]

1. e4 c5 2. Bb5 a6 3. Ba4 b5 4. d4 bxa4 5. dxc5 Qa5+ 6. Qd2 Qxc5 7. Qd5 Qc6 8. Nc3 Nf6 9. Qxc6 Nxc6 10. Bg5 h6 11. Bxf6 exf6 12. Nxa4 Nb4 13. 0-0-0 Nxa2+ 14. Kb1 Nb4 15. c3 Bb7 16. f3 Nc6 17. f4 Be7 18. Nf3 Rd8 19. b4 0-0 20. Nb6 Rfe8 21. Nxd7 Bf8 22. Nc5 Bxc5 23. bxc5 Na5 24. Rxd8 Bxe4+ 25. Kb2 Rxd8 26. Re1 f5 0-1

[Event "OP-2012-0-02151"]
[Site "LSS email"]
[Date "2012.04.14"]
[Round "?"]
[White "Zinoviev, Dima"]
[Black "Willmann, Bernd"]
[Result "0-1"]
[WhiteElo "800"]
[BlackElo "1509"]
[PlyCount "48"]
[EventDate "2012.04.12"]
[EventType "tourn (corr)"]
[EventRounds "4"]
[EventCountry "GER"]
[SourceTitle "Telechess CBM 153"]
[Source "ChessBase"]
[SourceDate "2013.03.14"]
[SourceVersion "1"]
[SourceVersionDate "2013.03.14"]
[SourceQuality "1"]

1. e4 e5 2. Bb5 Nf6 3. d3 Bb4+ 4. Nc3 c6 5. a3 Be7 6. Bc4 d5 7. exd5 cxd5 8. Bb5+ Bd7 9. Bxd7+ Nbxd7 10. Bg5 0-0 11. Bxf6 Nxf6 12. Nf3 Qb6 13. d4 Qxb2 14. Nxd5 Nxd5 15. dxe5 Qc3+ 16. Kf1 Rad8 17. Ng5 Ne3+ 18. fxe3 Rxd1+ 19. Rxd1 Bxg5 20. h4 Bxe3 21. Rd3 Qxe5 22. Ke2 Re8 23. Rh3 Bb6+ 24. Rhe3 Bxe3 0-1